|
|
|
|
| LEADER |
00000cam a22000004a 4500 |
| 001 |
musev2_4011 |
| 003 |
MdBmJHUP |
| 005 |
20230905040508.0 |
| 006 |
m o d |
| 007 |
cr||||||||nn|n |
| 008 |
070108s2007 inu o 00 0 eng d |
| 010 |
|
|
|z 2007000635
|
| 020 |
|
|
|a 9780253116802
|
| 020 |
|
|
|z 0253116805
|
| 020 |
|
|
|z 9780253348722
|
| 035 |
|
|
|a (OCoLC)191077510
|
| 040 |
|
|
|a MdBmJHUP
|c MdBmJHUP
|
| 050 |
0 |
4 |
|a R853.H8
|b D37 2007
|
| 082 |
0 |
|
|a 174.2/8
|2 22
|
| 245 |
0 |
0 |
|a Dark Medicine :
|b Rationalizing Unethical Medical Research /
|c edited by William R. LaFleur, Gernot Böhme, and Susumu Shimazono.
|
| 264 |
|
1 |
|a Bloomington :
|b Indiana University Press,
|c 2007.
|
| 264 |
|
3 |
|a Baltimore, Md. :
|b Project MUSE,
|c 2012
|
| 264 |
|
4 |
|c ©2007.
|
| 300 |
|
|
|a 1 online resource (280 pages).
|
| 336 |
|
|
|a text
|b txt
|2 rdacontent
|
| 337 |
|
|
|a computer
|b c
|2 rdamedia
|
| 338 |
|
|
|a online resource
|b cr
|2 rdacarrier
|
| 504 |
|
|
|a Includes bibliographical references and index.
|
| 505 |
0 |
|
|a Rationalizing unethical medical research: taking seriously the case of Viktor von Weizsäcker / Gernot Böhme -- Medical research, morality, and history: the German journal Ethik and the limits of human experimentation / Andreas Frewer -- Experimentation on humans and informed consent: how we arrived where we are / Rolf Winau -- The silence of the scholars / Benno Müller-Hill -- The ethics of evil: the challenge and the lessons of Nazi medical experiments / Arthur L. Caplan -- Unit 731 and the human skulls discovered in 1989: physicians carrying out organized crimes / Kei-ichi Tsuneishi -- Biohazard: unit 731 in postwar Japanese politics of national "forgetfulness" / Frederick R. Dickinson -- Biological weapons: the United States and the Korean War / G. Cameron Hurst III -- Experimental injury: wound ballistics and aviation medicine in mid-century America / Susan Lindee -- Stumbling toward bioethics: human experiments policy and the early Cold War / Jonathan D. Moreno -- Toward an ethics of iatrogenesis / Renee C. Fox -- Strategies for survival versus accepting impermanence: rationalizing brain death and organ transplantation today / Tetsuo Yamaori -- The age of a "revolutionized human body" and the right to die / Yoshihiko Komatsu -- Why we must be prudent in research using human embryos: differing views of human dignity / Susumu Shimazono -- Eugenics, reproductive technologies, and the feminist dilemma in Japan / Miho Ogino -- Refusing utopia's bait: research, rationalizations, and Hans Jonas / William R. LaFleur.
|
| 588 |
|
|
|a Description based on print version record.
|
| 650 |
2 |
2 |
|a History, 20th Century.
|
| 650 |
2 |
2 |
|a Bioethical Issues.
|
| 650 |
1 |
2 |
|a Human Experimentation
|x history.
|
| 650 |
1 |
2 |
|a Human Experimentation
|x ethics.
|
| 650 |
|
0 |
|a Medical ethics
|x History.
|
| 650 |
|
0 |
|a Medicine
|x Research
|x Moral and ethical aspects.
|
| 650 |
|
0 |
|a Human experimentation in medicine
|x Moral and ethical aspects.
|
| 655 |
|
7 |
|a Electronic books.
|2 local
|
| 700 |
1 |
|
|a Shimazono, Susumu,
|d 1948-
|
| 700 |
1 |
|
|a Böhme, Gernot.
|
| 700 |
1 |
|
|a LaFleur, William R.
|
| 710 |
2 |
|
|a Project Muse.
|e distributor
|
| 830 |
|
0 |
|a Book collections on Project MUSE.
|
| 856 |
4 |
0 |
|z Texto completo
|u https://projectmuse.uam.elogim.com/book/4011/
|
| 945 |
|
|
|a Project MUSE - Custom Collection
|
| 945 |
|
|
|a Project MUSE - Archive Complete Foundation
|
| 945 |
|
|
|a Project MUSE - Archive Philosophy and Religion Foundation
|